000
00250nam a2200097Ia 4500
001
709337
005
20250826162545.0
008
250824s9999 xx 000 0 und d
245
0
_a
AKVARYUMDAKİ DENİZKIZI
_c
MİYASE SERTBARUT
260
_b
TUDEM YAYINLARI
999
_c
709337
_d
709337